Score 0/49 Timer 12:00
7 Plays Today
% Correct
Japan
79%
South Korea
78.8%
Sri Lanka
77.8%
Maldives
77.4%
North Korea
76.8%
Russia
76.4%
Yemen
75.7%
Taiwan
74.9%
Nepal
74.6%
Philippines
74.4%
Mongolia
73.8%
China
73.6%
Cambodia
73.2%
Israel
72.5%
India
71.8%
Laos
71.2%
Indonesia
70.9%
Turkey
70.5%
Saudi Arabia
70.5%
Vietnam
69.5%
Malaysia
68.3%
Bangladesh
68.2%
Georgia
68.2%
Oman
68.2%
Thailand
67.7%
% Correct
Pakistan
67.4%
Iraq
66.8%
Armenia
66.1%
Bhutan
66.1%
Palestine
66%
Myanmar
65.9%
Syria
65.5%
Azerbaijan
65.3%
United Arab Emirates
65.2%
Kuwait
64.1%
Uzbekistan
63.4%
Jordan
63.1%
Bahrain
60.6%
Singapore
59.5%
Lebanon
58.7%
Kazakhstan
57.9%
Kyrgyzstan
57.4%
Qatar
56.7%
Iran
56.7%
Timor-Leste
56.4%
Afghanistan
54.5%
Tajikistan
51.8%
Turkmenistan
51.6%
Brunei
46.8%
Remove Ads.
Support Sporcle.
Get the best of Sporcle when you Go Orange. This ad-free experience offers more features, more stats, and more fun while also helping to support Sporcle. Thank you for becoming a member.

You're not logged in!

Compare scores with friends on all Sporcle quizzes.
OR
Log In

Show Comments

Extras

Top Quizzes Today


Score Distribution

Your Account Isn't Verified!

In order to create a playlist on Sporcle, you need to verify the email address you used during registration. Go to your Sporcle Settings to finish the process.

Report this User

Report this user for behavior that violates our Community Guidelines.

Details: